A través del islam

Sparad:
Bibliografiska uppgifter
Huvudupphovsman: Battuta, Ibn (Författare, medförfattare)
Materialtyp: Bok
Språk:spanska
Publicerad: Madrid Nacional 1981
Serie:Clásicos para una Biblioteca Contemporánea
Ämnen:
Taggar: Lägg till en tagg
Inga taggar, Lägg till första taggen!

MARC

LEADER 00000nam a2200000 a 4500
001 UCP5300
003 CL-VaPUC
008 990903e19810000SP |||||||||||||||||spa|d
082 0 4 |a 297  |b BAT  |2 21 
100 0 |a Battuta, Ibn  |e author  |9 433630 
245 1 0 |a A través del islam 
300 |a 794 p 
942 |c BK 
945 |d 19990903 00:00:00  |a crobeson 
260 |a Madrid  |b Nacional  |c 1981 
650 0 |a Islamismo  |9 314084 
650 0 |a Literatura islámica   |9 433595 
650 0 |a Viajes y descripciones  |9 363745 
583 |a last modification  |c 19990903 00:00:00  |k Rodrigo Vera 
490 0 |a Clásicos para una Biblioteca Contemporánea 
999 |c 283068  |d 283066 
952 |0 0  |1 0  |4 0  |6 297_000000000000000_BAT_1981  |7 0  |8 A  |9 325827  |a BIBHIS  |b BIBHIS  |d 2019-11-20  |i 135731K  |l 3  |m 5  |o 297 BAT 1981  |p 135731K  |r 2025-01-20  |s 2023-04-25  |w 2019-11-20  |y BK  |k HIS 
952 |0 0  |1 0  |4 0  |6 297_000000000000000_BAT_1981  |7 0  |8 A  |9 325828  |a BIBHIS  |b BIBHIS  |d 2019-11-20  |i 1357328  |o 297 BAT 1981  |p 1357328  |r 2025-01-20  |w 2019-11-20  |y BK  |k HIS